| 000 | 02121nam a22004934a 4500 | ||
|---|---|---|---|
| 001 | ebr10197226 | ||
| 003 | CaPaEBR | ||
| 006 | m u | ||
| 007 | cr cn||||||||| | ||
| 008 | 050603s2005 gw a sb 000 0 ger c | ||
| 010 | _z 2006499040 | ||
| 020 | _z3110184265 (pbk.) | ||
| 040 |
_aCaPaEBR _cCaPaEBR |
||
| 035 | _a(OCoLC)268793640 | ||
| 043 | _ae------ | ||
| 050 | 1 | 4 |
_aNA350 _b.E83 2005eb |
| 072 | 7 |
_aN _2lcco |
|
| 084 |
_a15.34 _2bcl |
||
| 084 |
_a15.70 _2bcl |
||
| 100 | 1 | _aEsch, Arnold. | |
| 245 | 1 | 0 |
_aWiederverwendung von Antike im Mittelalter _h[electronic resource] : _bdie Sicht des Arch�aologen und die Sicht des Historikers / _cArnold Esch. |
| 260 |
_aBerlin ; _aNew York : _bDe Gruyter, _cc2005. |
||
| 300 |
_aix, 88 p. : _bill. |
||
| 490 | 1 |
_aHans-Lietzmann-Vorlesungen ; _vHeft 7 |
|
| 500 | _aBased on lectures given Dec. 3, 2003 in Jena and Dec. 4, 2003 in Berlin. | ||
| 500 | _a"Akademieunternehmen 'Griechische Christliche Schriftsteller' der Berlin-Brandenburgischen Akademie der Wissenschaften"--P. facing t.p. | ||
| 504 | _aIncludes bibliographical references. | ||
| 533 |
_aElectronic reproduction. _bPalo Alto, Calif. : _cebrary, _d2013. _nAvailable via World Wide Web. _nAccess may be limited to ebrary affiliated libraries. |
||
| 650 | 0 | _aArchitecture, Medieval. | |
| 650 | 0 |
_aArchitecture, Classical _xAppreciation _zEurope. |
|
| 650 | 0 |
_aSculpture, Classical _xAppreciation _zEurope. |
|
| 650 | 0 |
_aBuilding materials _xRecycling _zEurope. |
|
| 650 | 0 |
_aBuildings _xRemodeling for other use _zEurope. |
|
| 650 | 0 |
_aCivilization, Medieval _xClassical influences. |
|
| 650 | 0 |
_aMiddle Ages _xHistoriography. |
|
| 650 | 0 |
_aHistory, Ancient _xHistoriography. |
|
| 650 | 0 | _aArchaeology and history. | |
| 650 | 1 | 7 |
_aSpolia (archeologie) _2gtt |
| 655 | 7 |
_aElectronic books. _2local |
|
| 710 | 2 | _aBerlin-Brandenburgische Akademie der Wissenschaften. | |
| 710 | 2 | _aebrary, Inc. | |
| 830 | 0 |
_aHans-Lietzmann-Vorlesungen ; _vHeft 7. |
|
| 856 | 4 | 0 |
_uhttp://site.ebrary.com/lib/rucke/Doc?id=10197226 _zAn electronic book accessible through the World Wide Web; click to view |
| 999 |
_c117105 _d117105 |
||